| 000 | 01032nam0a22002771 4500 | ||
|---|---|---|---|
| 001 | rc\2318266 | ||
| 005 | 20250623045433.0 | ||
| 035 | _a(NLR Aleph) 006577854 | ||
| 090 |
_a7014036 _c7014036 |
||
| 100 | _a20110829d1977 |||y0rusy50 ca | ||
| 101 | 0 | _arus | |
| 102 | _aRU | ||
| 105 | _aa z ||||| | ||
| 200 | 1 | _aИсследования структуры и электропроводности островковых металлических пленок методом "in situ" | |
| 210 |
_aКиев _cБ. и. _d1977 |
||
| 215 |
_a32 с. _cил. _d20 |
||
| 225 | 1 |
_aАН УССР. Институт физики _vПрепринт № 16 |
|
| 300 | _aПеред загл. авт.: П.Г. Борзяк, Ю.А. Кулюпин, С.А. Непийко и др. | ||
| 320 | _aБиблиогр.: с. 31-32 | ||
| 702 | 1 |
_aБорзяк _bП.Г. _gПетр Григорьевич |
|
| 801 | 0 |
_aRU _bNLR _gpsbo |
|
| 801 | 1 |
_aRU _bELAR _2rusmarc |
|
| 852 |
_aNLR _j78-4/11644 |
||
| 899 |
_aRuMoRGB _jБр 157/504 |
||
| 942 | _cBOOK | ||
| 980 | _aNB | ||